Most Successful Countries in UEFA Conference League - Statistics

General Stats
  • This quiz has been taken 31 times
  • The average score is 5 of 5
Answer Stats
Finals
Record
Countries % Correct
2 W 0 L England
100%
1 W 2 L Italy
100%
0 W 1 L Spain
95%
1 W 0 L Greece
81%
0 W 1 L Netherlands
76%
No matching quizzes found
Score Distribution
Percent of People with Each Score
Percentile by Number Answered
Your Score History
You have not taken this quiz